Dynamics and control policies analysis of semi-active suspension system for off-road vehicle /
Saved in:
| Main Author: | |
|---|---|
| Format: | Thesis |
| Language: | English |
| Published: |
Gombak, Selangor :
Kulliyyah of Engineering, International Islamic University Malaysia,
2009
|
| Subjects: | |
| Online Access: | Click here to view 1st 24 pages of the thesis. Members can view fulltext at the specified PCs in the library. |
| Tags: |
Add Tag
No Tags, Be the first to tag this record!
|
| LEADER | 022630000a22004090004500 | ||
|---|---|---|---|
| 001 | 480975 | ||
| 005 | 20230420101242.0 | ||
| 008 | 100517t2009 my a 000 0 eng d | ||
| 035 | |a (Sirsi) 480975 | ||
| 040 | |a UIAM |b eng | ||
| 043 | |a a-my-- | ||
| 050 | |a TL235.6 | ||
| 100 | 1 | |a Benlahcene, Zohir |9 113511 | |
| 245 | 1 | 0 | |a Dynamics and control policies analysis of semi-active suspension system for off-road vehicle / |c by Zohir Benlahcene |
| 260 | |a Gombak, Selangor : |b Kulliyyah of Engineering, International Islamic University Malaysia, |c 2009 | ||
| 300 | |a xviii, 156 leaves : |b ill. ; |c 30 cm. | ||
| 336 | |2 rdacontent | ||
| 337 | |2 rdamedia | ||
| 338 | |2 rdacarrier | ||
| 500 | |a "A dissertaion submitted in partial fulfilment of the requirements for the degree of Master of Science in (Mechatronics) Engineering". --On t.p. | ||
| 502 | |a Thesis (MSMCT) -- International Islamic University Malaysia, 2009. | ||
| 504 | |a Includes bibliographical references (leaves 128-132). | ||
| 546 | |a Abstracts in English and Arabic. | ||
| 650 | |a Off-road vehicles |x Springs and suspension |9 113512 | ||
| 650 | |a Active automotive suspensions |9 113513 | ||
| 650 | |a Off-road vehicles |x Springs and suspension Mathematical models |9 113514 | ||
| 650 | |a Active automotive suspensions |x Mathematical models |9 113515 | ||
| 655 | |a Theses, IIUM local | ||
| 690 | |a Dissertations, Academic |x Department of Mechatronics Engineering |z IIUM | ||
| 710 | 2 | |a International Islamic University Malaysia. |b Department of Mechatronics Engineering | |
| 856 | 4 | |u http://studentrepo.iium.edu.my/handle/123456789/4707 |z Click here to view 1st 24 pages of the thesis. Members can view fulltext at the specified PCs in the library. | |
| 900 | |a hj-fs-naw | ||
| 942 | |2 lcc |n 0 | ||
| 999 | |c 434277 |d 464019 | ||
| 952 | |0 0 |6 T TL 235.6 B468D 2009 |7 0 |8 THESES |9 752006 |a IIUM |b IIUM |c MULTIMEDIA |g 0.00 |o t TL 235.6 B468D 2009 |p 00011149289 |r 2017-10-20 |t 1 |v 0.00 |y THESIS | ||
| 952 | |0 0 |6 LU T TL 235.6 B468D 2009 |7 0 |8 THESES |9 752741 |a IIUM |b IIUM |c CLOSEACCES |g 0.00 |o lu t TL 235.6 B468D 2009 |p 00011274877 |r 2017-10-25 |t 1 |v 0.00 |y THESIS | ||
| 952 | |0 0 |6 TS CDF TL 235.6 B468D 2009 |7 0 |8 THESES |9 837847 |a IIUM |b IIUM |c MULTIMEDIA |g 0.00 |o ts cdf TL 235.6 B468D 2009 |p 11100326936 |r 2017-10-26 |t 1 |v 0.00 |y THESISDIG | ||
